[Event "Arvier op"]
[Site "Arvier"]
[Date "2010.07.08"]
[Round "7"]
[White "Petkov, Vladimir"]
[Black "Fossati, Remigio"]
[Result "1-0"]
[WhiteElo "2484"]
[BlackElo "2201"]
[PlyCount "83"]
[EventDate "2010.07.03"]
[EventType "swiss"]
[EventRounds "9"]
[EventCountry "ITA"]
[SourceTitle "CBM 137 Extra"]
[Source "ChessBase"]
[SourceDate "2010.09.01"]
[SourceVersion "1"]
[SourceVersionDate "2010.09.01"]
[SourceQuality "1"]

1. Nf3 Nf6 2. c4 g6 3. Nc3 Bg7 4. e4 e5 5. Nxe5 Nxe4 6. Nxe4 Bxe5 7. d4 Bg7 8. Bg5 f6 9. Be3 0-0 10. Nc3 f5 11. g3 d6 12. Bg2 c6 13. 0-0 Nd7 14. Qd2 Nf6 15. Rfe1 Rf7 16. b4 Bd7 17. Rad1 Rc8 18. a4 Be8 19. Bg5 Rd7 20. d5 c5 21. bxc5 Rxc5 22. Qe2 Bf7 23. Nb5 Kf8 24. Be3 Rc8 25. Nxa7 Ra8 26. Rb1 Qa5 27. Nb5 Qxa4 28. Bd4 Re8 29. Qb2 Rxe1+ 30. Rxe1 Ne8 31. Bxg7+ Nxg7 32. Qc3 Qa8 33. c5 dxc5 34. Qxc5+ Kg8 35. d6 Qf8 36. Re7 b6 37. Qe5 Rxe7 38. dxe7 Qc8 39. Nc7 Ne8 40. Nxe8 Qxe8 41. Qd6 Qa4 42. Bc6 1-0

[Event "Arvier op"]
[Site "Arvier"]
[Date "2010.07.06"]
[Round "5"]
[White "Fossati, Remigio"]
[Black "Xia, Jie"]
[Result "1/2-1/2"]
[WhiteElo "2201"]
[BlackElo "2204"]
[PlyCount "40"]
[EventDate "2010.07.03"]
[EventType "swiss"]
[EventRounds "9"]
[EventCountry "ITA"]
[SourceTitle "CBM 137 Extra"]
[Source "ChessBase"]
[SourceDate "2010.09.01"]
[SourceVersion "1"]
[SourceVersionDate "2010.09.01"]
[SourceQuality "1"]

1. d4 Nf6 2. Nf3 d6 3. g3 Nbd7 4. Bg2 g6 5. b3 Bg7 6. Bb2 0-0 7. 0-0 e5 8. dxe5 Ng4 9. c4 Ngxe5 10. Nxe5 Nxe5 11. Qd2 Nc6 12. Bxg7 Kxg7 13. Nc3 Be6 14. Rfd1 Qe7 15. Nd5 Bxd5 16. cxd5 Nb8 17. Rac1 Na6 18. b4 Rfe8 19. e3 Rac8 20. a3 Kg8 1/2-1/2

[Event "ITA-ch U20"]
[Site "Bratto"]
[Date "2008.08.26"]
[Round "5"]
[White "Lapenna, Antonio"]
[Black "Fossati, Remigio"]
[Result "1/2-1/2"]
[WhiteElo "2118"]
[BlackElo "2191"]
[PlyCount "21"]
[EventDate "2008.08.22"]
[EventType "swiss"]
[EventRounds "9"]
[EventCountry "ITA"]
[SourceTitle "CBM 126 Extra"]
[Source "ChessBase"]
[SourceDate "2008.11.05"]
[SourceVersion "1"]
[SourceVersionDate "2008.11.05"]
[SourceQuality "1"]

1. e4 d6 2. d4 Nf6 3. Nc3 Nbd7 4. Nf3 e5 5. h3 Be7 6. Bc4 0-0 7. 0-0 c6 8. a4 Qc7 9. Re1 b6 10. Bg5 a6 11. Bh4 1/2-1/2

[Event "Asti Alfieri Memorial 3rd"]
[Site "Asti"]
[Date "2008.03.30"]
[Round "6"]
[White "Fossati, Remigio"]
[Black "Quirico, Paolo"]
[Result "1/2-1/2"]
[WhiteElo "2208"]
[BlackElo "2115"]
[PlyCount "34"]
[EventDate "2008.03.27"]
[EventType "swiss"]
[EventRounds "6"]
[EventCountry "ITA"]
[SourceTitle "EXT 2011"]
[Source "ChessBase"]
[SourceDate "2010.11.26"]
[SourceVersion "1"]
[SourceVersionDate "2010.11.26"]
[SourceQuality "1"]

1. e4 e6 2. d4 d5 3. Nd2 Nf6 4. e5 Nfd7 5. Bd3 c5 6. c3 Nc6 7. Ne2 cxd4 8. cxd4 f6 9. exf6 Nxf6 10. Nf3 Bd6 11. 0-0 0-0 12. Bg5 Qb6 13. Nc3 Kh8 14. Na4 Qc7 15. Bh4 Bd7 16. Bg3 Bxg3 17. hxg3 e5 1/2-1/2

[Event "ITA-ch U20"]
[Site "Fiuggi"]
[Date "2007.07.23"]
[Round "6"]
[White "Dvirnyy, Danyyil"]
[Black "Fossati, Remigio"]
[Result "1-0"]
[WhiteElo "2365"]
[BlackElo "2193"]
[PlyCount "51"]
[EventDate "2007.07.18"]
[EventType "swiss"]
[EventRounds "9"]
[EventCountry "ITA"]
[SourceTitle "CBM 119 Extra"]
[Source "ChessBase"]
[SourceDate "2007.09.04"]
[SourceVersion "1"]
[SourceVersionDate "2007.09.04"]
[SourceQuality "1"]

1. e4 c5 2. Nf3 e6 3. d4 cxd4 4. Nxd4 Nf6 5. Nc3 d6 6. Bc4 a6 7. Bb3 b5 8. Bg5 Be7 9. Qf3 Qb6 10. 0-0-0 0-0 11. Rhe1 Bd7 12. Be3 Qc7 13. e5 dxe5 14. Nxe6 Bxe6 15. Qxa8 Bxb3 16. axb3 Bb4 17. Re2 Bxc3 18. bxc3 Qxc3 19. Kb1 a5 20. Rd3 Qb4 21. Bd2 Qc5 22. Qxa5 Nc6 23. Qc3 Qb6 24. Rd6 Rc8 25. Qxe5 Qc7 26. Qc5 1-0

[Event "ITA-ch U20"]
[Site "Fiuggi"]
[Date "2007.07.20"]
[Round "3"]
[White "Fossati, Remigio"]
[Black "Santagati, Alessandro"]
[Result "1-0"]
[WhiteElo "2193"]
[BlackElo "2141"]
[PlyCount "47"]
[EventDate "2007.07.18"]
[EventType "swiss"]
[EventRounds "9"]
[EventCountry "ITA"]
[SourceTitle "CBM 119 Extra"]
[Source "ChessBase"]
[SourceDate "2007.09.04"]
[SourceVersion "1"]
[SourceVersionDate "2007.09.04"]
[SourceQuality "1"]

1. d4 d5 2. c4 c6 3. Nf3 Nf6 4. Nc3 e6 5. e3 Nbd7 6. Qc2 Bd6 7. b3 0-0 8. Be2 Qe7 9. 0-0 b6 10. Bb2 Bb7 11. Rad1 Bb4 12. Ne5 c5 13. Nxd7 Qxd7 14. dxc5 Bxc5 15. Bf3 Rfd8 16. cxd5 exd5 17. Ne2 Rac8 18. Qd3 Qc6 19. Nf4 g5 20. Qf5 Be7 21. Qxg5+ Kf8 22. Rd2 Ne4 23. Qg7+ Ke8 24. Bxe4 1-0

[Event "Corsico 35th"]
[Site "Corsico"]
[Date "2006.10.07"]
[Round "1"]
[White "Fossati, Remigio"]
[Black "Massironi, Marco"]
[Result "1-0"]
[WhiteElo "2163"]
[BlackElo "2193"]
[PlyCount "57"]
[EventDate "2006.10.07"]
[EventType "tourn"]
[EventRounds "7"]
[EventCountry "ITA"]
[SourceTitle "EXT 2024"]
[Source "ChessBase"]
[SourceDate "2023.10.10"]
[SourceVersion "1"]
[SourceVersionDate "2023.10.10"]
[SourceQuality "1"]

1. d4 Nf6 2. c4 g6 3. Nc3 d5 4. Nf3 Bg7 5. Qb3 dxc4 6. Qxc4 0-0 7. e4 a6 8. e5 b5 9. Qb3 Nfd7 10. e6 fxe6 11. Be3 Nb6 12. Rd1 Nd5 13. h4 b4 14. Na4 Nd7 15. h5 N7f6 16. hxg6 hxg6 17. Qc2 Nxe3 18. fxe3 Qd5 19. Nc5 Qf5 20. Bd3 Qg4 21. Rh3 Nd5 22. Qf2 Bf6 23. Rg3 Qh5 24. Bxg6 Qh1+ 25. Kd2 Qh6 26. Bc2+ Kf7 27. Ng5+ Ke8 28. Ba4+ c6 29. Bxc6+ 1-0

[Event "Imperia op-A 48th"]
[Site "Imperia"]
[Date "2006.09.08"]
[Round "7"]
[White "Fossati, Remigio"]
[Black "Pepino, Enrico"]
[Result "1-0"]
[WhiteElo "2203"]
[BlackElo "2187"]
[PlyCount "75"]
[EventDate "2006.09.03"]
[EventType "swiss"]
[EventRounds "9"]
[EventCountry "ITA"]
[SourceTitle "EXT 2011"]
[Source "ChessBase"]
[SourceDate "2010.11.26"]
[SourceVersion "1"]
[SourceVersionDate "2010.11.26"]
[SourceQuality "1"]

1. d4 Nf6 2. c4 g6 3. Nc3 Bg7 4. e4 d6 5. Be2 0-0 6. Nf3 e5 7. 0-0 Nc6 8. d5 Ne7 9. Nd2 a5 10. Rb1 Nd7 11. a3 f5 12. b4 Kh8 13. f3 Ng8 14. Qc2 axb4 15. axb4 Ngf6 16. Nb5 Nh5 17. g3 Bh6 18. c5 Be3+ 19. Kh1 f4 20. g4 Ndf6 21. gxh5 Nxh5 22. Nc4 Bxc1 23. Qxc1 Qd7 24. Rf2 Qxb5 25. Nb6 Qe8 26. Nxa8 Qd8 27. Bf1 Qh4 28. Kg1 Ng3 29. Nxc7 g5 30. Ne6 Rg8 31. Rg2 g4 32. hxg3 fxg3 33. f4 Rg6 34. Qe3 Bxe6 35. dxe6 Rh6 36. Qxg3 Qh1+ 37. Kf2 exf4 38. Qxg4 1-0

[Event "Imperia op-A 48th"]
[Site "Imperia"]
[Date "2006.09.05"]
[Round "3"]
[White "Raineri, Valerio"]
[Black "Fossati, Remigio"]
[Result "1-0"]
[WhiteElo "2145"]
[BlackElo "2203"]
[PlyCount "87"]
[EventDate "2006.09.03"]
[EventType "swiss"]
[EventRounds "9"]
[EventCountry "ITA"]
[SourceTitle "EXT 2011"]
[Source "ChessBase"]
[SourceDate "2010.11.26"]
[SourceVersion "1"]
[SourceVersionDate "2010.11.26"]
[SourceQuality "1"]

1. e4 c5 2. Nf3 d6 3. d4 cxd4 4. Nxd4 Nf6 5. Nc3 a6 6. Be3 e5 7. Nb3 Be6 8. f3 Be7 9. Qd2 0-0 10. 0-0-0 Qc7 11. Nd5 Bxd5 12. exd5 Rc8 13. Kb1 a5 14. c4 a4 15. Na1 a3 16. b3 Nbd7 17. g4 Ne8 18. h4 Qb8 19. g5 b5 20. cxb5 Bd8 21. Rc1 Rxc1+ 22. Qxc1 Bb6 23. Nc2 Nc7 24. Nb4 Bxe3 25. Qxe3 Qb7 26. Bc4 Nxb5 27. Nc6 Nd4 28. Nxd4 exd4 29. Qxd4 Re8 30. h5 Qb6 31. Qxb6 Nxb6 32. Kc2 h6 33. gxh6 gxh6 34. Rh4 Re3 35. Rh3 Re1 36. Kc3 Ra1 37. Rh2 Re1 38. Kb4 Re3 39. Rh3 Kg7 40. Kb5 Nxc4 41. bxc4 Re2 42. Kc6 Rc2 43. Rh4 Rxa2 44. Kxd6 1-0

[Event "ITA-ch U20"]
[Site "Bratto"]
[Date "2006.08.23"]
[Round "5"]
[White "Fossati, Remigio"]
[Black "Lain, Luigi"]
[Result "1-0"]
[WhiteElo "2203"]
[BlackElo "2254"]
[PlyCount "65"]
[EventDate "2006.08.19"]
[EventType "swiss"]
[EventRounds "9"]
[EventCountry "ITA"]
[SourceTitle "CBM 113 Extra"]
[Source "ChessBase"]
[SourceDate "2006.09.14"]
[SourceVersion "1"]
[SourceVersionDate "2006.09.14"]
[SourceQuality "1"]

1. d4 d5 2. Bg5 c5 3. Nc3 Nc6 4. e3 h6 5. Bh4 g5 6. Bg3 Bg7 7. Bb5 cxd4 8. exd4 a6 9. Bxc6+ bxc6 10. Qd2 Bf5 11. Nf3 e6 12. 0-0 Nf6 13. Ne5 Rc8 14. Nd1 Ne4 15. Qe2 Qb6 16. Ne3 Nxg3 17. hxg3 Qxd4 18. Nxf5 Qxe5 19. Qxa6 Rc7 20. Nxg7+ Qxg7 21. Qb6 Kd7 22. a4 Ra8 23. a5 Qh8 24. c4 Rb8 25. Qc5 Qxb2 26. a6 Qb3 27. Rfc1 Ra8 28. cxd5 exd5 29. Re1 Rd8 30. a7 Ra8 31. Qe7+ Kc8 32. Qe8+ Kb7 33. Qxa8+ 1-0

[Event "ITA-ch U20"]
[Site "Bratto"]
[Date "2006.08.20"]
[Round "2"]
[White "Sala, Giovanni"]
[Black "Fossati, Remigio"]
[Result "0-1"]
[WhiteElo "1968"]
[BlackElo "2203"]
[PlyCount "90"]
[EventDate "2006.08.19"]
[EventType "swiss"]
[EventRounds "9"]
[EventCountry "ITA"]
[SourceTitle "CBM 113 Extra"]
[Source "ChessBase"]
[SourceDate "2006.09.14"]
[SourceVersion "1"]
[SourceVersionDate "2006.09.14"]
[SourceQuality "1"]

1. e4 c5 2. Nf3 d6 3. d4 cxd4 4. Nxd4 Nf6 5. f3 e5 6. Bb5+ Nbd7 7. Nf5 d5 8. exd5 a6 9. Ba4 b5 10. Bb3 Nc5 11. Ne3 Bb7 12. Nc3 Qd7 13. Qe2 Be7 14. 0-0 0-0 15. d6 Bxd6 16. Ned5 Nxd5 17. Bxd5 b4 18. Bxb7 Qxb7 19. Ne4 Nxe4 20. fxe4 Bc5+ 21. Kh1 Rac8 22. Qg4 Rc6 23. Bd2 Rd8 24. Rad1 Rcd6 25. Bh6 f6 26. Rxd6 Rxd6 27. Qe2 Rd4 28. Qg4 Rxe4 29. Qe6+ Qf7 30. Qc8+ Bf8 31. Bd2 Rc4 32. Qf5 Qg6 33. Qe6+ Qf7 34. Qf5 Be7 35. c3 a5 36. b3 Rc7 37. c4 Bc5 38. Qe4 Rd7 39. Qa8+ Qf8 40. Qxf8+ Kxf8 41. Bc1 e4 42. g3 e3 43. Bxe3 Bxe3 44. Rf5 Bb6 45. c5 Bc7 0-1

[Event "EU-ch U18"]
[Site "Herceg Novi"]
[Date "2005.09.23"]
[Round "9"]
[White "Fossati, Remigio"]
[Black "Fruebing, Stefan"]
[Result "1/2-1/2"]
[WhiteElo "2133"]
[BlackElo "2280"]
[PlyCount "119"]
[EventDate "2005.09.14"]
[EventType "swiss"]
[EventRounds "9"]
[EventCountry "YUG"]
[SourceTitle "CBM 108 Extra"]
[Source "ChessBase"]
[SourceDate "2005.11.04"]
[SourceVersion "1"]
[SourceVersionDate "2005.11.04"]
[SourceQuality "1"]

1. e4 c5 2. c3 Nf6 3. e5 Nd5 4. Nf3 Nc6 5. d4 cxd4 6. cxd4 d6 7. Bc4 Nb6 8. Bb5 dxe5 9. Nxe5 Bd7 10. Nxd7 Qxd7 11. 0-0 e6 12. Nc3 Be7 13. Qg4 Bf6 14. Rd1 a6 15. Bxc6 bxc6 16. Bg5 Bxg5 17. Qxg5 0-0 18. Rac1 Nd5 19. Ne4 h6 20. Qd2 a5 21. Nc5 Qd6 22. Na4 Rfb8 23. Rc5 Rb4 24. b3 Nf4 25. Rc4 Rd8 26. Nc5 Rxc4 27. bxc4 Qxd4 28. Qxd4 Rxd4 29. Rxd4 Ne2+ 30. Kf1 Nxd4 31. a4 Kf8 32. Ke1 Ke7 33. Kd2 Kd6 34. Nb7+ Kc7 35. Nc5 Kd6 36. Nb7+ Kc7 37. Nc5 e5 38. Kd3 Kd6 39. Nb7+ Kc7 40. Nc5 Nf5 41. Ke4 Nd6+ 42. Kxe5 Nxc4+ 43. Kd4 Nb6 44. Nb3 Kd6 45. Nc5 Kc7 46. Na6+ Kd6 47. Nc5 h5 48. h4 Ke7 49. g3 Kf6 50. Nb7 Nxa4 51. Nxa5 c5+ 52. Kd5 Kf5 53. Nc4 Kg4 54. Ne5+ Kh3 55. Nxf7 Kg2 56. Ng5 Kxf2 57. Ne6 Kxg3 58. Nxg7 Kxh4 59. Kc4 Kg4 60. Nxh5 1/2-1/2

[Event "EU-ch U18"]
[Site "Herceg Novi"]
[Date "2005.09.22"]
[Round "8"]
[White "Abdulov, Orkhan Javanshir"]
[Black "Fossati, Remigio"]
[Result "1-0"]
[WhiteElo "2322"]
[BlackElo "2133"]
[PlyCount "61"]
[EventDate "2005.09.14"]
[EventType "swiss"]
[EventRounds "9"]
[EventCountry "YUG"]
[SourceTitle "CBM 108 Extra"]
[Source "ChessBase"]
[SourceDate "2005.11.04"]
[SourceVersion "1"]
[SourceVersionDate "2005.11.04"]
[SourceQuality "1"]

1. e4 c5 2. Nf3 Nc6 3. Nc3 a6 4. d4 cxd4 5. Nxd4 Qc7 6. Be3 e6 7. Be2 Nf6 8. 0-0 Be7 9. Kh1 d6 10. f4 0-0 11. Qe1 Bd7 12. Qg3 b5 13. a3 Nxd4 14. Bxd4 Bc6 15. Rae1 Qb7 16. Bd3 Rad8 17. Re3 g6 18. Qh3 a5 19. b4 axb4 20. axb4 Rfe8 21. Rg3 Qb8 22. e5 dxe5 23. Bxe5 Qb7 24. Qh4 Kg7 25. f5 Rf8 26. fxe6 fxe6 27. Ne4 Bxe4 28. Bxe4 Qd7 29. Rgf3 Kg8 30. Bxf6 Rxf6 31. Rxf6 1-0

[Event "Imperia op-A 47th"]
[Site "Imperia"]
[Date "2005.09.04"]
[Round "9"]
[White "Fossati, Remigio"]
[Black "Haba, Zdenek"]
[Result "1/2-1/2"]
[WhiteElo "2133"]
[BlackElo "2277"]
[PlyCount "37"]
[EventDate "2005.08.28"]
[EventType "swiss"]
[EventRounds "9"]
[EventCountry "ITA"]
[SourceTitle "EXT 2007"]
[Source "ChessBase"]
[SourceDate "2006.11.23"]
[SourceVersion "1"]
[SourceVersionDate "2006.11.23"]
[SourceQuality "1"]

1. e4 c5 2. Nf3 e6 3. c3 Qa5 4. Na3 d6 5. Nc4 Qc7 6. d4 b5 7. Ncd2 Bd7 8. Bd3 Ne7 9. Qe2 h6 10. 0-0 Ng6 11. g3 e5 12. dxe5 dxe5 13. a4 bxa4 14. Bc2 Be7 15. Bxa4 Nc6 16. Bb5 a5 17. Nc4 0-0 18. Ne3 Rfb8 19. Ba4 1/2-1/2